Caves / (Record no. 6866)

MARC details
000 -LEADER
fixed length control field 01087cam a22003257a 4500
001 - CONTROL NUMBER
control field 6866
003 - CONTROL NUMBER IDENTIFIER
control field FISKH
005 - DATE AND TIME OF LATEST TRANSACTION
control field 20250604091225.0
008 - FIXED-LENGTH DATA ELEMENTS--GENERAL INFORMATION
fixed length control field 110107s2010 nyua b 001 0 eng
010 ## - LIBRARY OF CONGRESS CONTROL NUMBER
LC control number 2010284618
020 ## - INTERNATIONAL STANDARD BOOK NUMBER
International Standard Book Number 9780545285452 (pbk.)
040 ## - CATALOGING SOURCE
Original cataloging agency CCS
Transcribing agency CCS
Modifying agency CCS
-- DLC
Language of cataloging eng
042 ## - AUTHENTICATION CODE
Authentication code lccopycat
050 ## - LIBRARY OF CONGRESS CALL NUMBER
Classification number GB601 .S73
082 ## - DEWEY DECIMAL CLASSIFICATION NUMBER
Classification number 551.44
100 1# - MAIN ENTRY--PERSONAL NAME
Personal name Stamper, Judith Bauer.
245 10 - TITLE STATEMENT
Title Caves /
Statement of responsibility, etc. Judith Bauer Stamper.
260 ## - PUBLICATION, DISTRIBUTION, ETC.
Place of publication, distribution, etc. New York :
Name of publisher, distributor, etc. Scholastic,
Date of publication, distribution, etc. 2010.
300 ## - PHYSICAL DESCRIPTION
Extent 32 pages :
Other physical details color illustrations ;
Dimensions 23 cm
490 0# - SERIES STATEMENT
Series statement Smart words reader
500 ## - GENERAL NOTE
General note Includes index.
505 ## - FORMATTED CONTENTS NOTE
Formatted contents note R<br/>
520 ## - SUMMARY, ETC.
Summary, etc. "Your journey beneath Earth's surface will take you through the fascinating world of limestone caves, sea caves, glacier caves, and lava tubes. You will learn how caves form and what can be found within them"--Page 4 of cover.
521 8# - TARGET AUDIENCE NOTE
Target audience note 730<br/>
Source Lexile<br/>
521 8# - TARGET AUDIENCE NOTE
Target audience note R<br/>
Source Raz-Plus<br/>
650 #0 - SUBJECT ADDED ENTRY--TOPICAL TERM
Topical term or geographic name entry element Caves
Form subdivision Juvenile literature.
906 ## - LOCAL DATA ELEMENT F, LDF (RLIN)
a 7
b cbc
c copycat
d 2
e ncip
f 20
g y-gencatlg
942 ## - ADDED ENTRY ELEMENTS (KOHA)
Source of classification or shelving scheme Dewey Decimal Classification
Koha item type Books
Suppress in OPAC No
Holdings
Withdrawn status Lost status Source of classification or shelving scheme Damaged status Not for loan Collection Home library Current library Shelving location Date acquired Total Checkouts Full call number Barcode Date last seen Copy number Price effective from Koha item type
    Dewey Decimal Classification     Non-Fiction Footprints International School Library Network Toul Kork Campus Footprints International School Library Network Toul Kork Campus TK Primary Library Room(4th Floor), Bookcase 5&6, Shelves 33-56, Orange Books 06/04/2025   STA 551.44 GB601 .S73 FISTK00807 06/04/2025 1 06/04/2025 Books